00473 2200181 4500001002100000005001500021008004100036020002200077035001900099041000700118082001000125090001400135100002000149245003200169260003700201300001900238650003400257INLIS00000000001519920241224114904241224||||||||| | ||| |||| || |  a978-979-692-599-7 0010-1224015199 aid0 a551.1 a551.1 TJA0 aBayong Tjasyono00aILMU KEBUMIAN DAN ANTARIKSA aBandungbRemaja Rosdakaryac2009 a232hlm;16x24cm 0ailmu Pengetahuan Tentang Bumi